Staffing the contemporary organization : a guide to planning, recruiting, and selecting for human resource professionals /

Bibliographic Details
Main Author: Caruth, Donald L.
Other Authors: Noe, Robert M., Mondy, R. Wayne, 1940-
Format: Book
Language:English
Published: New York : Quorum Books, 1988.
Subjects:

MARC

Tag First Indicator Second Indicator Subfields
LEADER 00000cam a2200000 a 4500
001 in00000016016
005 20151007052647.0
008 870526s1988 nyua b 00110 eng
010 |a  87013092  
020 |a 089930236X (lib. bdg. : alk. paper) 
035 |a (OCoLC)16081686 
035 |9 AAA8701AM 
040 |a DLC  |c DLC  |d TXA  |d UtOrBLW 
049 |a TXAM  |c [A11464434] 
050 0 0 |a HF5549  |b .C296 1988 
082 0 |a 658.3  |2 19 
100 1 |a Caruth, Donald L. 
245 1 0 |a Staffing the contemporary organization :  |b a guide to planning, recruiting, and selecting for human resource professionals /  |c Donald L. Caruth, Robert M. Noe, III, and R. Wayne Mondy. 
264 1 |a New York :  |b Quorum Books,  |c 1988. 
300 |a xii, 309 pages :  |b illustrations ;  |c 25 cm. 
336 |a text  |b txt  |2 rdacontent 
337 |a unmediated  |b n  |2 rdamedia 
338 |a volume  |b nc  |2 rdacarrier 
504 |a Bibliography: pages 301-304. 
500 |a Includes index. 
650 0 |a Personnel management. 
650 0 |a Manpower planning. 
650 0 |a Employees  |x Recruiting. 
650 0 |a Employee selection. 
700 1 |a Noe, Robert M. 
700 1 |a Mondy, R. Wayne,  |d 1940- 
999 |a MARS 
999 f f |s e9282f4b-2213-3539-8539-18fcdf20229e  |i 024ea870-8882-3a9a-ae83-f548c16bb0d6  |t 0 
952 f f |p ric  |a Texas A&M University  |b Rellis Campus  |c Joint Library Facility  |d Remote Storage  |t 0  |e HF5549 .C296 1988  |h Library of Congress classification  |i unmediated -- volume  |m A14811464434 
998 f f |a HF5549 .C296 1988  |t 0  |l Remote Storage